000 00292nam a22001337a 4500
008 170926b xxu||||| |||| 00| 0 eng d
020 _a9781931719599
041 _aeng
080 _a37
100 _a46
101 _aEDU
245 _aCORRECTIONAL CONTEXTS
_cLATESSA, E.J
942 _2udc
_cBK
999 _c29749
_d29749